Naga Movement: (Record no. 152468)

MARC details
000 -LEADER
fixed length control field 00694nam a22001937a 4500
005 - DATE AND TIME OF LATEST TRANSACTION
control field 20180605161643.0
010 ## - LCCN (DPL NO)
LC control number ENG-123138
020 ## - INTERNATIONAL STANDARD BOOK NUMBER
Terms of availability 995.00
International Standard Book Number 9788170495420
035 ## - SYSTEM CONTROL NUMBER
System control number EN-106670
037 ## - SOURCE OF ACQUISITION
Source of stock number/acquisition DBAD/PUB
082 ## - DEWEY DECIMAL CLASSIFICATION NUMBER
Classification number 305.80095457
100 ## - MAIN ENTRY--PERSONAL NAME
Personal name Sen, MP
245 ## - TITLE STATEMENT
Title Naga Movement:
Statement of responsibility, etc by M P Sen
Remainder of title longest surviving insurgency in Asia
260 ## - PUBLICATION, DISTRIBUTION, ETC. (IMPRINT)
Place of publication, distribution, etc New Delhi
Name of publisher, distributor, etc Manas Publications
Date of publication, distribution, etc 2018
270 ## - ADDRESS
Address 4402/5-A, Ansari Road(Opp. HDFC Bank) Daryaganj,
City New Delhi
Postal code 110002
Telephone number 23260783
Fax number 011-23272766
Electronic mail address www.manaspublications.in
300 ## - PHYSICAL DESCRIPTION
Extent 315p.
Dimensions 23cm(Hb)
500 ## - GENERAL NOTE
General note It includes appendix, bibliographical references and index
942 ## - ADDED ENTRY ELEMENTS (KOHA)
Source of classification or shelving scheme Dewey Decimal Classification
Item type English Books
Call number suffix SEN
Classification part 305.80095457
Holdings
Withdrawn status Lost status Not for loan Collection code Home library Current library Date acquired Source of acquisition Cost, normal purchase price Full call number Barcode Copy number Cost, replacement price Koha item type
    Not For Loan Non-fiction D.B.Act.Division Bawana 31/05/2018 DBAD/PUB 995.00 305.80095457 SEN EN-106670 1 995.00 English Books

© Delhi Public Library
Hit Counter
free hit counter